<?xml version="1.0" encoding="UTF-8"?>
<record
    xmlns:xsi="http://www.w3.org/2001/XMLSchema-instance"
    xsi:schemaLocation="http://www.loc.gov/MARC21/slim http://www.loc.gov/standards/marcxml/schema/MARC21slim.xsd"
    xmlns="http://www.loc.gov/MARC21/slim">

  <leader>01684nam a2200217 a 4500</leader>
  <controlfield tag="001">000006119</controlfield>
  <controlfield tag="005">20260120101213.0</controlfield>
  <controlfield tag="008">090826s1998    dr            001 0 spa d</controlfield>
  <datafield tag="040" ind1=" " ind2=" ">
    <subfield code="a">DO-SdBNP</subfield>
    <subfield code="b">spa</subfield>
    <subfield code="c">BNPHU</subfield>
  </datafield>
  <datafield tag="082" ind1=" " ind2=" ">
    <subfield code="a">370.115</subfield>
    <subfield code="b">T266v</subfield>
  </datafield>
  <datafield tag="245" ind1="0" ind2="0">
    <subfield code="a">Vivamos la democracia :</subfield>
    <subfield code="b">selecci&#xF3;n de lecturas /</subfield>
    <subfield code="c">selecci&#xF3;n y sistematizaci&#xF3;n Dar&#xED;o Tejeda.</subfield>
  </datafield>
  <datafield tag="260" ind1=" " ind2=" ">
    <subfield code="a">Santo Domingo :</subfield>
    <subfield code="b">Central de Servicios Pedag&#xF3;gicos,</subfield>
    <subfield code="c">1998.</subfield>
  </datafield>
  <datafield tag="300" ind1=" " ind2=" ">
    <subfield code="a">iii, 166 p. ;</subfield>
    <subfield code="c">22 cm.</subfield>
  </datafield>
  <datafield tag="500" ind1=" " ind2=" ">
    <subfield code="a">Incluye referencias bibliogr&#xE1;ficas y notas al pie de las p&#xE1;ginas.</subfield>
  </datafield>
  <datafield tag="505" ind1="0" ind2=" ">
    <subfield code="g">I: La democracia :</subfield>
    <subfield code="t">Definiciones de democracia --</subfield>
    <subfield code="t">La limitaci&#xF3;n de lo pol&#xED;tico --</subfield>
    <subfield code="t">La libertad del sujeto --</subfield>
    <subfield code="t">La democracia como forma de vida y como filosof&#xED;a pol&#xED;tica --</subfield>
    <subfield code="t">Concepto de democracia, notas caracter&#xED;sticas: participaci&#xF3;n, pluralismo, libertad, respecto mutuo y justicia --</subfield>
    <subfield code="g">II: Educaci&#xF3;n para la democracia:</subfield>
    <subfield code="t">La educaci&#xF3;n moral como necesidad pedag&#xF3;gica --</subfield>
    <subfield code="t">Finalidades y estrategias para la democracia: educaci&#xF3;n participativa, educaci&#xF3;n cr&#xED;tica, educaci&#xF3;n para la paz y educaci&#xF3;n moral --</subfield>
    <subfield code="g">III: Educaci&#xF3;n en democracia:</subfield>
    <subfield code="t">Adquisici&#xF3;n de pericia en las decisiones --</subfield>
    <subfield code="t">El papel del maestro en las decisiones --</subfield>
    <subfield code="t">Libertad para hacer preguntas --</subfield>
    <subfield code="t">IV: Educaci&#xF3;n democr&#xE1;tica:</subfield>
    <subfield code="t">El papel estrat&#xE9;gico de la educaci&#xF3;n --</subfield>
    <subfield code="t">El proceso de grupo y la educaci&#xF3;n --</subfield>
    <subfield code="t">Una educaci&#xF3;n experimental para desarrollar la democracia en las instituciones educativas.</subfield>
    <subfield code="g">Anexo.</subfield>
  </datafield>
  <datafield tag="590" ind1=" " ind2=" ">
    <subfield code="a">Inventariado, 2018/LP</subfield>
  </datafield>
  <datafield tag="650" ind1=" " ind2="4">
    <subfield code="a">Democracia</subfield>
    <subfield code="x">Aspectos sociales</subfield>
    <subfield code="x">Ensayos, conferencias, etc.</subfield>
    <subfield code="9">17228</subfield>
  </datafield>
  <datafield tag="650" ind1=" " ind2="0">
    <subfield code="a">Civismo</subfield>
    <subfield code="9">17229</subfield>
  </datafield>
  <datafield tag="700" ind1="1" ind2=" ">
    <subfield code="a">Rejeda, Dar&#xED;o,</subfield>
    <subfield code="e">comp.</subfield>
    <subfield code="9">17230</subfield>
  </datafield>
  <datafield tag="910" ind1=" " ind2=" ">
    <subfield code="a">Validado. Control de calidad EMS</subfield>
  </datafield>
  <datafield tag="952" ind1=" " ind2=" ">
    <subfield code="0">0</subfield>
    <subfield code="1">0</subfield>
    <subfield code="7">1</subfield>
    <subfield code="8">PD</subfield>
    <subfield code="a">PD</subfield>
    <subfield code="b">PD</subfield>
    <subfield code="c">HD</subfield>
    <subfield code="d">2009-08-26</subfield>
    <subfield code="i">LF1</subfield>
    <subfield code="l">0</subfield>
    <subfield code="o">370.115 T266v</subfield>
    <subfield code="p">6119-10</subfield>
    <subfield code="r">2020-06-25</subfield>
    <subfield code="w">2020-06-25</subfield>
    <subfield code="y">LFPD</subfield>
    <subfield code="Z">No se presta</subfield>
  </datafield>
  <datafield tag="952" ind1=" " ind2=" ">
    <subfield code="0">0</subfield>
    <subfield code="1">0</subfield>
    <subfield code="7">1</subfield>
    <subfield code="8">PD</subfield>
    <subfield code="a">PD</subfield>
    <subfield code="b">PD</subfield>
    <subfield code="c">HD</subfield>
    <subfield code="d">2009-08-26</subfield>
    <subfield code="i">LF1</subfield>
    <subfield code="l">0</subfield>
    <subfield code="o">370.115 T266v</subfield>
    <subfield code="p">6119-20</subfield>
    <subfield code="r">2020-06-25</subfield>
    <subfield code="t">e. 2</subfield>
    <subfield code="w">2020-06-25</subfield>
    <subfield code="y">LFPD</subfield>
    <subfield code="Z">No se presta</subfield>
  </datafield>
  <datafield tag="999" ind1=" " ind2=" ">
    <subfield code="c">5915</subfield>
    <subfield code="d">5915</subfield>
  </datafield>
</record>
